| 000 | 00374 a2200145 4500 | ||
|---|---|---|---|
| 001 | 48533 | ||
| 020 | _a9780194401067 | ||
| 040 | _cAnchieta - Bela Vista | ||
| 100 | _aKenshole, Fiona | ||
| 240 | 1 | 0 |
_aLet's go to the Rainforest _leng |
| 245 | 1 | 0 | _aLet's go to the Rainforest |
| 300 | _a26 | ||
| 650 | 4 | _aInglês básico aplicado, inclusive termos estrangeiros | |
| 942 | _cBK | ||
| 999 |
_c48533 _d48533 |
||